000 00730nam a2200205 a 4500
005 20210219160306.0
008 081007s2000 mx r 000 0 spa d
020 _a9231014331
035 _aUPN01000162568
049 _aUNE
080 _a37.018.8 :371.684 (729.3) =20WHI No.30.
100 1 _aWhite, Robert.
245 1 3 _aAn Alternative pattern of basic education: Radio Santa Maria/ Robert White. --
260 _aParis : UNESCO; Ginebra : OIE, 1976.
300 _a122 p.; 21 cm. map., fot. --
440 0 _a(Experiments and innovations in education; 30)
690 _aProgramas radiofonicos- Educacion- Republica Dominicana
690 _aRadiodifusion- Metodos de enseƱanza- Republica Dominicana
905 _aUNESCO
999 _c134681
_d134681